Practical Auditing (Record no. 117614)
[ view plain ]
| 000 -LEADER | |
|---|---|
| fixed length control field | 00397nam a2200181Ia 4500 |
| 003 - CONTROL NUMBER IDENTIFIER | |
| control field | OSt |
| 005 - DATE AND TIME OF LATEST TRANSACTION | |
| control field | 20230222111932.0 |
| 008 - FIXED-LENGTH DATA ELEMENTS--GENERAL INFORMATION | |
| fixed length control field | 210210b xxu||||| |||| 00| 0 eng d |
| 040 ## - CATALOGING SOURCE | |
| Transcribing agency | AL |
| 041 ## - LANGUAGE CODE | |
| Language code of text/sound track or separate title | eng |
| 082 ## - DEWEY DECIMAL CLASSIFICATION NUMBER | |
| Classification number | 382/52 TANH |
| 100 ## - MAIN ENTRY--PERSONAL NAME | |
| Personal name | TANDON (B N) |
| 9 (RLIN) | 72862 |
| 245 ## - TITLE STATEMENT | |
| Title | Practical Auditing |
| 260 ## - PUBLICATION, DISTRIBUTION, ETC. | |
| Name of publisher, distributor, etc. | Not Mentioned |
| 690 ## - LOCAL SUBJECT ADDED ENTRY--TOPICAL TERM (OCLC, RLIN) | |
| Topical term or geographic name as entry element | Auditing |
| 9 (RLIN) | 72863 |
| 906 ## - LOCAL DATA ELEMENT F, LDF (RLIN) | |
| a | 053992 |
| 942 ## - ADDED ENTRY ELEMENTS (KOHA) | |
| Source of classification or shelving scheme | Dewey Decimal Classification |
| Koha item type | Book |
| Withdrawn status | Lost status | Source of classification or shelving scheme | Damaged status | Not for loan | Collection code | Home library | Current library | Shelving location | Date acquired | Cost, normal purchase price | Total Checkouts | Full call number | Barcode | Date last seen | Price effective from | Koha item type |
|---|---|---|---|---|---|---|---|---|---|---|---|---|---|---|---|---|
| Dewey Decimal Classification | Commerce | St Aloysius Library | St Aloysius Library | UGC Book Bank | 02/17/2021 | 0.00 | 382/52 TANH | 053992 | 02/17/2021 | 02/17/2021 | Book |